000 00817nam a2200193 a 4500
003 0
005 20250528100044.0
008 021122s19uu xx 00 eng d
050 _aPHS GV 351
_b.D45 2002
100 _ade los Santos, Bryan A.
245 _aThe Relationship between the academic performance and the time devoted for practice by soccer varsity players of De La Salle Santiago Zobel (DLSZ) /
_cBryan A. de los Santos.
260 _aLas PiƱas City, Philippines :
_bSouthville International School and Colleges,
_c2002.
300 _a24 pages :
_billustrations :
_c28 cm.
504 _aIncludes bibliographical references.
650 _aSports and education
_zPhilippines.
650 _aStudent athletes
_zPhilippines
_xAcademic achievement.
650 _aTime management
_zPhilippines.
942 _2lcc
_cPASS
999 _c96696
_d96696